000 00863nam a22002055i 4500
001 162710
003 ES-MaACL
005 20230906212602.0
008 990303s1891 it |||| | ita d
040 _aCCPB | B
_bspa
_cCCPB | B
100 1 _aPuini, Carlo.
_9131429
245 1 3 _aLe origini della civilta
_b: secondo la tradizione e la storia dell' estremo oriente /
_cCarlo Puini.
260 _aFirenze :
_b[s.n.],
_c1891 (
_fTipi dei Successori Le Monnier)
300 _aXVII, 258 p. ;
_c28 cm.
490 1 _aR. Istituto di Studi Superiori Pratici e di Perfezionamento in Firenze . Sezione di filosofia e filologia
650 4 _aCivilización.
_911079
830 0 _aR. Istituto di Studi Superiori Pratici e di Perfezionamento in Firenze . Sezione di filosofia e filologia
_9222219
852 _aES-MaACL
_jG-12267
_z-- Enc. hol.
999 _c162710
_d162710